Bolivia y Chile (Registro nro. 62084)

Detalles MARC
000 -ENCABEZADO
Número de control [NR] 00695nam a2200181Ia 4500
008 - DE LONGITUD FIJA DE DATOS DE ELEMENTOS - INFORMACIÓN GENERAL
Elementos de longitud fija [NR] 130821s1936 bo gr spa
040 ## - FUENTE DE CATALOGACION [NR]
Agencia de catalogación original [NR] Co-BoUCM
Idioma de catalogación [NR] spa
041 00 - CODIGO DE IDIOMA [R]
Código de idioma para texto/pista de sonido o título separado [R] Español
100 1# - ASIENTO PRINCIPAL--NOMBRE PERSONAL [NR]
Nombre personal [NR] Vergara Vicuña, Aquiles
245 10 - MENCION DE TITULO [NR]
Título [NR] Bolivia y Chile
Parte restante del título [NR] elecciones del pasado advertencias para el porvenir
Mención de responsabilidad, etc. [NR] Aquiles Vergara Vicuña
260 ## - PUBLICACION, DISTRIBUCION, ETC. (PIE DE IMPRENTA) [R]
Lugar de publicación, distribución, etc. [R] La Paz (Bolivia)
Nombre del editor, distribuidor, etc. [R] Imp. Intendencia general de guerra
Fecha de publicación, distribución, etc. [R] 1936
300 ## - DESCRIPCION FISICA [R]
Extensión [R] 317 páginas
650 04 - ASIENTO SECUNDARIO DE MATERIA - TERMINO TEMATICO [R]
Término temático o nombre geográfico como elemento de entrada [NR] Cuestión de Tacna y Arica
9 (RLIN) 12327
651 #7 - ASIENTO SECUNDARIO DE MATERIA - NOMBRE GEOGRAFICO [R]
Nombre geográfico [NR] Bolivia
Geographic name following place entry element [OBSOLETE] Relaciones internacionales
Subdivisión geográfica [R] Chile
9 (RLIN) 26818
651 #7 - ASIENTO SECUNDARIO DE MATERIA - NOMBRE GEOGRAFICO [R]
Nombre geográfico [NR] Chile
Geographic name following place entry element [OBSOLETE] Relaciones internacionales
Subdivisión geográfica [R] Bolivia
9 (RLIN) 26603
942 ## - ELEMENTOS DE ENTRADA AGREGADOS (KOHA)
Tipo de ítem principal el descrito en 300a Libro
Tema principal Ciencia política
Edición 1
Parte restante de la signatura top. V273
Sistema de clasificación DEWEY
Clasificación 327.84083
Existencias
Total préstamos Signatura topográfica Código de barras Última vez visto Ejemplar Price effective from Tipo de ítem Perdido Sistema de clasificación Dañado No prestable Tipo de ítem específico Suprimido Ubicación habitual Ubicación actual Localización Fecha de creación Forma de adquisición Costo
  327.84083 V273 3000698 15/12/2012 Ej.1 03/02/2013 Libro   DEWEY     Libro     Bib. Cavelier Acavalier 28/02/2013   0.00